• 首页
  • 本馆介绍
  • 公告通知
  • 最新文献
  • 馆藏检索
  • 电子资源
  • 读者导购
  • 参考咨询
  • 我的图书馆
  • 登录
  • 详细信息显示
  • 放入我的书架
  • 预约/预借图书
  • 作者相关作品
  • 分类相关作品
  • 丛书相关作品
  • 出版社相关作品

书目信息

  • 表格格式
  • 工作单格式
  • 卡片格式
题名:
绿色含能材料
    
 
作者: 布林克 著 ;罗运军 , 李国平 , 李霄羽 译
分册:  
出版信息: 北京   国防工业出版社  2017.2
页数: 11,247页
开本: 24cm
丛书名: 含能材料译丛
单 册:
中图分类: TQ04
科图分类:
主题词: 化工材料
电子资源:
ISBN: 978-7-118-11107-1
000 01221oam2 2200337 450
001 0400004494
005 20171024100415.0
010    @a978-7-118-11107-1@dCNY85.00
100    @a20170427d2017 em y0chiy50 ea
101 1  @achi@ceng
102    @aCN@b110000
105    @aa z 000yy
106    @ar
200 1  @a绿色含能材料@9lv se han neng cai liao@dGreen energetic materials@zeng@f(瑞典)Tore Brinck著@g罗运军,李国平,李霄羽译
210    @a北京@c国防工业出版社@d2017.2
215    @a11,247页@c图@d24cm
225 1  @a含能材料译丛
300    @a依照书名原文判断,原著语种为英文
300    @a装备科技译著出版基金
305    @a本书简译中文版由Wiley&Sons Limited授权国防工业出版社独家发行
330    @a本书的内容包括绿色含能材料的定义、理论设计、安全性能和绿色含能材料在烟火药、炸药和推进剂中的应用情况以及含能材料的环境友好生产技术等。
461  0 @12001 @a含能材料译丛
510 1  @aGreen energetic materials@zeng
606 0  @a化工材料
690    @aTQ04@v5
701  0 @c(瑞典)@a布林克@9bu lin ke@c(Brinck, Tore)@4著
702  0 @a罗运军@9luo yun jun@4译
702  0 @a李国平@9li guo ping@4译
702  0 @a李霄羽@9li xiao yu@4译
801  0 @aCN@b91MARC@c20171024
905    @b1038125-9@dTQ04@f5@e452
    
    绿色含能材料=Green energetic materials/(瑞典)Tore Brinck著/罗运军,李国平,李霄羽译.-北京:国防工业出版社,2017.2
    11,247页:图;24cm.-(含能材料译丛)
    依照书名原文判断,原著语种为英文.-装备科技译著出版基金
    
    ISBN 978-7-118-11107-1:CNY85.00
    本书的内容包括绿色含能材料的定义、理论设计、安全性能和绿色含能材料在烟火药、炸药和推进剂中的应用情况以及含能材料的环境友好生产技术等。
●
相关链接 在E读中查询图书 在五车中查询图书 在当当中查询图书 在豆瓣中查询图书


正题名:绿色含能材料     索取号:TQ04/452         预约/预借

序号 登录号 条形码 馆藏地/架位号 状态 备注
1 1038125   210381255   第二样本阅览室/ [索取号:TQ04/452] 在馆    
2 1038126   210381264   密集书库-化学系/ [索取号:TQ04/452] 在馆    
3 1038127   210381273   第三借阅区/ [索取号:TQ04/452] 在馆    
4 1038128   210381282   第三借阅区/ [索取号:TQ04/452] 在馆    
5 1038129   210381291   第三借阅区/ [索取号:TQ04/452] 在馆    
唐山师范学院图书馆 欢迎您!
大连网信软件有限公司© 版权所有